Coplas de ciego : edición completa /

Guardado en:
Autor Principal: Martínez Estrada, Ezequiel
Otros Autores: Burgos, Nidia, introd.
Formato: Libro
Publicado: Bahía Blanca : Ediuns, 2011
Materias:
Etiquetas: Agregar Etiqueta
Sin Etiquetas, Sea el primero en etiquetar este registro!
LEADER 00698nam a22002055a 4500
001 EHU.bham042139
003 AR-BHAM
005 20130528110451.0
008 130507s2011##################000#0#####d
020 |a 9789871620340 
082 A 8 |a 861.4 
100 1 |a Martínez Estrada, Ezequiel 
245 1 0 |a Coplas de ciego :  |b edición completa /  |c  Ezequiel Martínez Estrada : 
260 |a Bahía Blanca :  |b Ediuns,  |c 2011 
300 |a 106 p. 
653 |a Literatura argentina 
653 |a Poesía argentina-1950-1999 
700 1 |a Burgos, Nidia, introd. 
859 |a AR-BHAM  |b BIB. HUMANIDADES - General  |h A861.4  |i M366-7  |k A  |p 140.13  |t Ej.2 
859 |a AR-BHAM  |b BIB. HUMANIDADES - General  |h A861.4  |i M366-7  |k A  |p 77.13  |t Ej.1